Clocking in modern VLSI systems (Record no. 192979)
[ view plain ]
| 000 -LEADER | |
|---|---|
| fixed length control field | 00464nam a2200169Ia 4500 |
| 005 - DATE AND TIME OF LATEST TRANSACTION | |
| control field | 20250521120535.0 |
| 008 - FIXED-LENGTH DATA ELEMENTS--GENERAL INFORMATION | |
| fixed length control field | 231217s9999 xx 000 0 und d |
| 020 ## - INTERNATIONAL STANDARD BOOK NUMBER | |
| International Standard Book Number | 9781441902603 |
| 082 ## - DEWEY DECIMAL CLASSIFICATION NUMBER | |
| Classification number | 621.395 XAN;1 R |
| 100 ## - MAIN ENTRY--PERSONAL NAME | |
| Personal name | Xanthopoulos, Thucydides ed. |
| 245 #0 - TITLE STATEMENT | |
| Title | Clocking in modern VLSI systems |
| 260 ## - PUBLICATION, DISTRIBUTION, ETC. (IMPRINT) | |
| Date of publication, distribution, etc. | 2009 |
| Name of publisher, distributor, etc. | Spinger |
| Place of publication, distribution, etc. | New York |
| 300 ## - PHYSICAL DESCRIPTION | |
| Extent | xxi, 320 |
| 650 ## - SUBJECT ADDED ENTRY--TOPICAL TERM | |
| Topical term or geographic name as entry element | Clocking |
| 942 ## - ADDED ENTRY ELEMENTS (KOHA) | |
| Koha item type | Books |
| 400 ## - SERIES STATEMENT/ADDED ENTRY--PERSONAL NAME [OBSOLETE, CAN/MARC], [LOCAL, USA] | |
| Personal name | Series on integrated circuits and systems |
| Date last seen | Total Checkouts | Full call number | Accession number | Old discount | Cost, replacement price | Price effective from | Category | Lost status | Damaged status | Department | Withdrawn status | bill no. | bill date | Permanent Location | Current Location | Shelving location | Entry date | Vendor | Cost, normal purchase price | Grants | Currency symbol | Conversion rate | Discount | Discount type |
|---|---|---|---|---|---|---|---|---|---|---|---|---|---|---|---|---|---|---|---|---|---|---|---|---|
| 26/01/2024 | 621.395 XAN;1 R | 79682 | 25 | 7457.51 | 26/01/2024 | Books | Central Library | BA/2011/CR/0002579 | 24/11/2016 | Central Library | Central Library | Central Library | 22/09/2011 | Allied publ. | 144.95 | TC | EURO | 68.6 | 36.24 | Rupees |
